[Event "22nd ch-EUR Indiv 2022"]
[Site "Terme Catez SLO"]
[Date "2022.03.29"]
[Round "3.145"]
[White "Marchesich, Giovanni"]
[Black "Arsenie, Cristian Marc"]
[Result "0-1"]
[WhiteElo "2172"]
[BlackElo "1952"]
[WhiteFideId "2824790"]
[BlackFideId "1345923"]
[EventDate "2022.03.27"]

1. e4 c5 2. Nf3 Nc6 3. Nc3 e5 4. Bc4 Be7 5. d3 Nf6 6. a4 O-O 7. Bg5 d6 8. Bxf6
Bxf6 9. Nd5 Bg5 10. Nxg5 Qxg5 11. O-O Kh8 12. Qc1 Qd8 13. f4 exf4 14. Nxf4 Ne5
15. Bd5 Qe7 16. Qe3 Be6 17. Bxe6 fxe6 18. Qh3 Rfe8 19. Rf2 g5 20. Nh5 g4 21. Qe3
Rg8 22. Rf6 g3 23. h3 Nd7 24. Rff1 Qh4 25. Nf4 Rae8 26. Ne2 Qh5 27. Rf4 Ne5 28.
Raf1 Qh6 29. Qc1 Rg6 30. Nc3 Reg8 31. Nb5 Rd8 32. Nxa7 Qg7 33. Nb5 Qe7 34. Qd1
Rdg8 35. c3 Ng4 36. Rf7 Qh4 37. R1f4 Qh6 38. Qf3 Ne5 39. Qf1 Nxf7 40. Rxf7 e5
41. Rf5 Qe3+ 42. Kh1 Rh6 43. Rf3 Qd2 44. Kg1 Rxh3 45. Rxg3 Rhxg3 0-1

[Event "22nd ch-EUR Indiv 2022"]
[Site "Terme Catez SLO"]
[Date "2022.03.29"]
[Round "3.146"]
[White "Janzelj, Lara"]
[Black "Borisek, Anze"]
[Result "1-0"]
[WhiteTitle "WIM"]
[WhiteElo "2160"]
[BlackElo "1905"]
[WhiteFideId "14608391"]
[BlackFideId "14608693"]
[EventDate "2022.03.27"]

1. d4 d5 2. c4 e6 3. g3 c6 4. Bg2 f5 5. Nf3 Nf6 6. O-O Bd6 7. b3 O-O 8. Bf4 Ne4
9. Qc1 a5 10. Nc3 Nd7 11. Nxe4 Bxf4 12. gxf4 fxe4 13. Ne5 Qh4 14. Nxd7 Bxd7 15.
f3 e3 16. Qxe3 Rxf4 17. Rad1 Qg5 18. Qf2 Raf8 19. Qg3 Qxg3 20. hxg3 R4f6 21. Kf2
Ra8 22. f4 g5 23. e3 a4 24. Ra1 Kg7 25. Ke2 gxf4 26. exf4 Be8 27. c5 Bh5+ 28.
Bf3 Bxf3+ 29. Kxf3 Rff8 30. b4 h5 31. Rab1 Rae8 32. Rfe1 Kf6 33. Re5 Rh8 34. Rh1
Kg6 35. Rg5+ Kf6 36. Rgxh5 Rxh5 37. Rxh5 a3 38. Rh7 Rb8 39. g4 b6 40. g5+ Kg6
41. Ra7 bxc5 42. bxc5 Kf5 43. Rxa3 Rh8 44. Ra7 Rh3+ 45. Kg2 Rd3 46. Rf7+ Kg4 47.
g6 Rd2+ 48. Kf1 Kf3 49. Ke1 Rxa2 50. Rf6 Ke3 51. Rxe6+ Kxf4 52. Kf1 Ra7 53. Rxc6
Ke4 54. Kf2 Kxd4 55. Kf3 Ke5 56. Kg4 Ra1 57. Kg5 d4 58. Rd6 Rc1 59. g7 Rxc5 60.
Rd8 Ke4+ 61. Kg4 Rc1 62. Re8+ Kd3 63. Kf3 1-0

[Event "22nd ch-EUR Indiv 2022"]
[Site "Terme Catez SLO"]
[Date "2022.03.29"]
[Round "3.147"]
[White "Roebers, Jan"]
[Black "Franco, Alessandro P."]
[Result "1/2-1/2"]
[WhiteTitle "FM"]
[WhiteElo "2156"]
[BlackElo "1848"]
[WhiteFideId "1007815"]
[BlackFideId "865923"]
[EventDate "2022.03.27"]

1. e4 d5 2. exd5 Nf6 3. d4 Bg4 4. Bb5+ Nbd7 5. Nf3 Nxd5 6. O-O e6 7. Re1 Be7 8.
Nbd2 O-O 9. h3 Bh5 10. Ne4 N7f6 11. Ng3 Bg6 12. Ne5 c5 13. Be2 cxd4 14. Nxg6
hxg6 15. Qxd4 Qc7 16. c4 Bc5 17. Qd3 Nb4 18. Qc3 Rfd8 19. a3 Nd3 20. Bxd3 Qxg3
21. Be3 Qd6 22. Bxc5 Qxc5 23. b4 Qc7 24. Be2 a5 25. Bf3 Rac8 26. Red1 Nd5 27.
Bxd5 exd5 28. c5 b6 29. Rac1 axb4 30. axb4 bxc5 31. bxc5 Qc6 32. Rd4 Rd7 33. Qb3
Rdd8 34. Rb4 d4 35. Rb6 Qd5 36. c6 Qxb3 37. Rxb3 d3 38. c7 Rxc7 39. Rxc7 d2 40.
Rb1 d1=Q+ 41. Rxd1 Rxd1+ 1/2-1/2

[Event "22nd ch-EUR Indiv 2022"]
[Site "Terme Catez SLO"]
[Date "2022.03.29"]
[Round "3.148"]
[White "Lorscheid, Gerhard"]
[Black "Kovalskyi, Roman"]
[Result "1/2-1/2"]
[WhiteTitle "FM"]
[WhiteElo "2150"]
[BlackElo "1807"]
[WhiteFideId "4606000"]
[BlackFideId "14184214"]
[EventDate "2022.03.27"]

1. c4 e6 2. Nc3 d5 3. d4 c5 4. cxd5 cxd4 5. Qa4+ Bd7 6. Qxd4 exd5 7. Nf3 Be6 8.
Bg5 Nc6 9. Bxd8 Nxd4 10. Nxd4 Rxd8 11. a3 Bc5 12. Rd1 Ne7 13. e3 O-O 14. Nb3 Bb6
15. Na4 d4 16. Nxd4 Bxd4 17. Rxd4 Rxd4 18. exd4 Nf5 19. Bd3 1/2-1/2

[Event "22nd ch-EUR Indiv 2022"]
[Site "Terme Catez SLO"]
[Date "2022.03.29"]
[Round "3.149"]
[White "Horvat, Damjan"]
[Black "Linnemann, Caspar"]
[Result "1-0"]
[WhiteElo "2145"]
[BlackElo "1773"]
[WhiteFideId "14545535"]
[BlackFideId "16200284"]
[EventDate "2022.03.27"]

1. Nf3 c5 2. b3 Nf6 3. Bb2 g6 4. g3 Bg7 5. Bg2 O-O 6. O-O d6 7. d4 Nbd7 8. c4
Rb8 9. Nc3 a6 10. Qd2 b5 11. cxb5 axb5 12. Rfd1 Qb6 13. Qe3 Re8 14. h3 Ba6 15.
dxc5 Nxc5 16. Nd4 b4 17. Nd5 Nxd5 18. Bxd5 Bb7 19. Qf3 Bxd5 20. Qxd5 e6 21. Qg2
d5 22. e3 Ne4 23. Qf1 Rec8 24. Rdc1 Nc3 25. Bxc3 bxc3 26. Nc2 e5 27. b4 d4 28.
exd4 exd4 29. Qd3 Rd8 30. a4 Rb7 31. Rd1 h6 32. a5 Qb5 33. a6 Qxd3 34. Rxd3 Rb6
35. Ra5 Bf6 36. Kf1 Ra8 37. b5 Rab8 38. a7 Ra8 39. Nxd4 Bxd4 40. Rxd4 Rb7 41.
Ke2 Rbxa7 42. Rxa7 Rxa7 43. Kd3 Rc7 44. Kc2 Kf8 45. b6 Rb7 46. Rb4 Ke7 47. Kxc3
Kd6 48. Kc4 Kc6 49. Kd4 Kd6 50. g4 g5 51. Ke4 Ke6 52. Rb5 f6 53. f3 Ke7 54. Kf5
Kf7 55. Rb3 Re7 56. f4 Rb7 57. Rb4 Ke7 58. fxg5 hxg5 59. Re4+ Kf8 60. Re6 1-0

[Event "22nd ch-EUR Indiv 2022"]
[Site "Terme Catez SLO"]
[Date "2022.03.29"]
[Round "3.150"]
[White "Veleski, Robert"]
[Black "Patt, Zafrir"]
[Result "1-0"]
[WhiteTitle "FM"]
[WhiteElo "2136"]
[BlackElo "1771"]
[WhiteFideId "15001008"]
[BlackFideId "2840170"]
[EventDate "2022.03.27"]

1. d4 Nf6 2. Nf3 d5 3. Bf4 c5 4. e3 e6 5. c3 Bd6 6. Bg3 O-O 7. Nbd2 Nc6 8. Ne5
Qc7 9. f4 Nd7 10. Bd3 f5 11. Nxd7 Bxd7 12. O-O Ne7 13. Nf3 Be8 14. Rc1 c4 15.
Be2 b5 16. Ng5 Qd7 17. Bh4 h6 18. Nh3 Kh8 19. Kh1 Ng8 20. Rg1 Be7 21. Qe1 Qd8
22. Bxe7 Qxe7 23. g4 fxg4 24. Rxg4 Bh5 25. Rg2 Bxe2 26. Qxe2 Nf6 27. Nf2 Qf7 28.
Rcg1 Qh5 29. Qxh5 Nxh5 30. Ng4 Rf7 31. h4 Rg8 32. Nxh6 Re7 33. Nxg8 Kxg8 34. Rg6
Kh7 35. Kh2 Nf6 36. R6g5 a5 37. Kh3 b4 38. Re5 g6 39. cxb4 axb4 40. a3 bxa3 41.
bxa3 c3 42. Rc1 Ne4 43. Rxe4 dxe4 44. Rxc3 Ra7 45. Kg4 Kh6 46. Rc6 Rxa3 47. Rxe6
Rxe3 48. f5 Re1 49. fxg6 e3 50. Kf3 Rd1 51. Re4 Kxg6 52. Kxe3 Kf5 53. Re5+ Kf6
54. Ke4 Re1+ 55. Kd5 Rh1 56. Re6+ Kf7 57. Re4 Kf6 58. Kd6 Kf5 59. Re5+ Kf6 60.
Re2 Rxh4 61. Rf2+ Kg7 62. d5 Rh1 63. Kd7 Rd1 64. d6 Rc1 65. Ke7 Re1+ 66. Kd8 Rc1
67. d7 Re1 68. Rf4 Rc1 69. Ke7 Re1+ 70. Kd6 Rd1+ 71. Ke6 1-0

[Event "22nd ch-EUR Indiv 2022"]
[Site "Terme Catez SLO"]
[Date "2022.03.29"]
[Round "3.151"]
[White "Pasti, Zsombor"]
[Black "Giacomini, Hector"]
[Result "0-1"]
[WhiteElo "1773"]
[BlackElo "2129"]
[WhiteFideId "799173"]
[BlackFideId "605352"]
[EventDate "2022.03.27"]

1. e4 c6 2. d4 d5 3. exd5 cxd5 4. Bd3 Nc6 5. c3 Nf6 6. Bf4 Bg4 7. Qb3 Qc8 8. Nd2
e6 9. Ngf3 Be7 10. Ne5 Bh5 11. O-O O-O 12. Rfe1 Bd6 13. Nxc6 Qxc6 14. Be5 Bg6
15. Nc4 dxc4 16. Bxc4 Bxe5 17. Rxe5 Rfd8 18. Rae1 Nd5 19. Bb5 Qb6 20. Qa4 Nc7
21. b4 Nxb5 22. Rxb5 Qc6 23. Qa5 Qxc3 24. Rbe5 Rxd4 25. a3 Rd5 26. Qxd5 Qxe1+ 0-1

[Event "22nd ch-EUR Indiv 2022"]
[Site "Terme Catez SLO"]
[Date "2022.03.29"]
[Round "3.152"]
[White "Olenik Campa, Rudi"]
[Black "Kocharin, Timur"]
[Result "1-0"]
[WhiteTitle "CM"]
[WhiteElo "2112"]
[BlackElo "1760"]
[WhiteFideId "14633264"]
[BlackFideId "16240936"]
[EventDate "2022.03.27"]

1. g3 d5 2. Nf3 Nf6 3. Bg2 e6 4. O-O Be7 5. d4 b5 6. b3 c5 7. dxc5 Bxc5 8. Bb2
O-O 9. Nbd2 Bb7 10. Ne5 Nc6 11. Nd3 Be7 12. e4 dxe4 13. Nxe4 Nxe4 14. Bxe4 Na5
15. Bxb7 Nxb7 16. Qf3 Nd6 17. a4 a6 18. Ne5 Rc8 19. axb5 axb5 20. Ra7 Rc7 21.
Nc6 Qd7 22. Rxc7 Qxc7 23. Nxe7+ Qxe7 24. Ba3 Qc7 25. Rd1 Rd8 26. Bxd6 Qxc2 27.
Ra1 h6 28. Ra8 Rxa8 29. Qxa8+ Kh7 30. Qf3 f6 31. g4 Qd2 32. Qe4+ f5 33. gxf5
Qg5+ 34. Bg3 exf5 35. Qe5 Qc1+ 36. Kg2 Qc6+ 37. f3 Qc2+ 38. Bf2 Qxb3 39. Qxf5+
Kg8 40. Qg6 Qb2 41. Qe8+ Kh7 42. Qe4+ Kg8 43. Kg3 b4 44. Bd4 Qc1 45. Qe5 Kf7 46.
Qxg7+ Ke6 47. Qe5+ Kd7 48. Qd5+ Ke8 49. Qe6+ Kf8 50. Be3 Qc7+ 51. Kh3 Qf7 52.
Bc5+ Kg7 53. Qxf7+ Kxf7 54. Bxb4 1-0

[Event "22nd ch-EUR Indiv 2022"]
[Site "Terme Catez SLO"]
[Date "2022.03.29"]
[Round "3.153"]
[White "Palczert, Miklos"]
[Black "Gramb, Marius"]
[Result "0-1"]
[WhiteElo "1770"]
[BlackElo "2107"]
[WhiteFideId "727938"]
[BlackFideId "24656593"]
[EventDate "2022.03.27"]

1. e4 c6 2. d4 d5 3. Nc3 dxe4 4. Nxe4 Bf5 5. Ng3 Bg6 6. Nf3 Nd7 7. Bd3 e6 8. O-O
Ngf6 9. Ne5 Nxe5 10. dxe5 Bxd3 11. Qxd3 Qxd3 12. cxd3 Nd5 13. a3 Be7 14. Be3 O-O
15. Ne4 Rfd8 16. Rfd1 f5 17. Nc3 g5 18. Kf1 Rd7 19. Ke2 Kf7 20. f3 Kg6 21. g3
Bd8 22. h4 Nxe3 23. Kxe3 Bb6+ 24. Ke2 h6 25. Rh1 Rad8 26. Rad1 Bc7 27. f4 Rd4
28. Rhf1 Rg8 29. hxg5 hxg5 30. Kd2 Rh8 31. Ne2 Rd7 32. Kc3 Rdh7 33. Nd4 Re8 34.
Rh1 Bb6 35. Nf3 g4 36. Rxh7 Kxh7 37. Ng5+ Kg6 38. d4 Bd8 39. Rh1 Bxg5 40. fxg5
Re7 41. Kc4 Kxg5 42. Kc5 Rd7 43. Rh8 Rd5+ 44. Kc4 b5+ 45. Kd3 c5 46. Rg8+ Kh6
47. Re8 Rxd4+ 48. Kc3 Re4 49. Rxe6+ Kg5 50. Kd3 c4+ 51. Kc3 a5 52. Re8 Re3+ 53.
Kd4 Rxg3 54. Rg8+ Kf4 55. e6 Re3 56. Kd5 g3 57. Kd6 Kf3 58. Rg5 f4 59. Rxb5 g2
60. Rg5 Kf2 0-1

[Event "22nd ch-EUR Indiv 2022"]
[Site "Terme Catez SLO"]
[Date "2022.03.29"]
[Round "3.154"]
[White "Tribushnaya, Olga"]
[Black "Hulka, Valentyn"]
[Result "0-1"]
[WhiteElo "1716"]
[BlackElo "2105"]
[WhiteFideId "14123045"]
[BlackFideId "34107061"]
[EventDate "2022.03.27"]

1. e4 c5 2. Nf3 e6 3. c3 Nf6 4. e5 Nd5 5. d4 cxd4 6. cxd4 d6 7. Bc4 Be7 8. Qe2
O-O 9. O-O b6 10. Nc3 Nxc3 11. bxc3 Bb7 12. exd6 Qxd6 13. Bd3 Nd7 14. Re1 Rac8
15. Bb2 Nf6 16. c4 Rfe8 17. Ne5 g6 18. a4 Bf8 19. a5 Bg7 20. a6 Ba8 21. Qe3 Rcd8
22. Red1 Nd7 23. Ng4 Qe7 24. Nh6+ Kh8 25. Qf4 f5 26. h4 Qf8 27. Ba3 Bxh6 28. Qc7
Qf6 29. Qxa7 Bf4 30. Rab1 Qxh4 31. Bb2 Qh2+ 32. Kf1 Bxg2+ 0-1

[Event "22nd ch-EUR Indiv 2022"]
[Site "Terme Catez SLO"]
[Date "2022.03.29"]
[Round "3.155"]
[White "Hryzlova, Sofiia"]
[Black "Zlatanovic, Marcus"]
[Result "1-0"]
[WhiteTitle "WCM"]
[WhiteElo "2097"]
[BlackElo "1680"]
[WhiteFideId "14174669"]
[BlackFideId "14626195"]
[EventDate "2022.03.27"]

1. e4 c5 2. Nf3 g6 3. c4 Bg7 4. d4 cxd4 5. Nxd4 Nc6 6. Be3 Nf6 7. Nc3 d6 8. Be2
O-O 9. O-O Bd7 10. h3 a5 11. Qc2 Nxd4 12. Bxd4 Bc6 13. Rad1 Nd7 14. Bxg7 Kxg7
15. Bg4 Ne5 16. c5 Nxg4 17. hxg4 Qc8 18. cxd6 Qxg4 19. dxe7 Rfe8 20. Nd5 Bxd5
21. exd5 Rxe7 22. Qc3+ Kg8 23. d6 Rd7 24. Rd5 Qe6 25. Rfd1 Rad8 26. Qc5 h5 27.
a3 Qf6 28. Qb6 Kg7 29. R1d4 Qe6 30. Rd2 Qf6 31. Qc5 Kh7 32. R2d4 Kg7 33. Qc3 Kh7
34. Qd3 Kg7 35. Qd2 Kh7 36. a4 Kg7 37. f4 Kf8 38. Qxa5 Rxd6 39. Qb4 Ke7 40. Rxd6
Rxd6 41. Qxb7+ Kf8 42. Qb8+ 1-0

[Event "22nd ch-EUR Indiv 2022"]
[Site "Terme Catez SLO"]
[Date "2022.03.29"]
[Round "3.156"]
[White "Kuznetsova, Elyzaveta"]
[Black "Tancsa, Tamas"]
[Result "0-1"]
[WhiteElo "1366"]
[BlackElo "2096"]
[WhiteFideId "14189950"]
[BlackFideId "783749"]
[EventDate "2022.03.27"]

1. e4 e5 2. Nf3 Nc6 3. Nc3 Nf6 4. Bc4 Nxe4 5. Nxe4 d5 6. Bd3 dxe4 7. Bxe4 Bd6 8.
O-O O-O 9. Re1 Re8 10. d3 h6 11. b3 f5 12. Bxc6 bxc6 13. Bb2 e4 14. dxe4 fxe4
15. Qd4 Qf6 16. Qxf6 gxf6 17. Nd4 Bd7 18. h3 Kf7 19. Rad1 f5 20. Re3 f4 21. Ree1
f3 22. h4 c5 23. Nxf3 exf3 24. gxf3 Bh3 0-1

[Event "22nd ch-EUR Indiv 2022"]
[Site "Terme Catez SLO"]
[Date "2022.03.29"]
[Round "3.157"]
[White "Gregoric, Andraz"]
[Black "Shevchenko, Matviei"]
[Result "1-0"]
[WhiteElo "2091"]
[BlackElo "1326"]
[WhiteFideId "14629461"]
[BlackFideId "14188678"]
[EventDate "2022.03.27"]

1. e4 c6 2. Nf3 d5 3. d3 dxe4 4. dxe4 Qxd1+ 5. Kxd1 Bg4 6. Be2 Nd7 7. Ne1 Bxe2+
8. Kxe2 e5 9. f3 Bc5 10. Nd3 Bb6 11. a4 Ne7 12. Na3 O-O-O 13. Nc4 Bc7 14. a5 f6
15. Be3 Kb8 16. b4 a6 17. Rhd1 Rhe8 18. Rd2 Kc8 19. c3 g5 20. Rb2 Ng6 21. g3 Re7
22. Bc5 Rf7 23. Be3 h6 24. Nd2 Ngf8 25. Rd1 Ne6 26. Nb3 Rdf8 27. Rf1 f5 28. Rbb1
fxe4 29. fxe4 Rxf1 30. Rxf1 Rxf1 31. Kxf1 Nf6 32. Nd2 Kd7 33. Ke2 Bd6 34. h3 Bc7
35. Ba7 Bd6 36. Kf3 Nc7 37. Nc4 Nb5 38. Ncxe5+ Bxe5 39. Nxe5+ Ke6 40. Bd4 Nd6
41. Ng4 Nfxe4 42. Nxh6 Nd2+ 43. Ke3 Nf1+ 44. Kf2 Nd2 45. h4 Nb5 46. Ke3 Nf1+ 47.
Kd3 gxh4 48. gxh4 Ng3 49. Bh8 Nh5 50. Kc4 Kd6 51. Nf7+ Ke7 52. Ng5 Kd6 53. Ne4+
Kc7 54. Be5+ Kd7 55. Nc5+ Kc8 56. Kd3 Nc7 57. Ke4 Nd5 58. Kf5 Ne7+ 59. Kg5 Nd5
60. Kxh5 b6 61. axb6 Nxb6 62. Nxa6 Kb7 63. Nc5+ Kc8 64. Kg6 Nd5 65. h5 Ne7+ 66.
Kg5 Kd8 67. Bf6 Ke8 68. Bxe7 Kxe7 69. h6 Kf7 70. Nd3 Kg8 71. Kg6 Kh8 72. h7 c5
73. Ne5 c4 74. Nf7# 1-0

[Event "22nd ch-EUR Indiv 2022"]
[Site "Terme Catez SLO"]
[Date "2022.03.30"]
[Round "4.1"]
[White "Ivic, Velimir"]
[Black "Sargsyan, Shant"]
[Result "1/2-1/2"]
[WhiteTitle "GM"]
[BlackTitle "GM"]
[WhiteElo "2610"]
[BlackElo "2639"]
[WhiteFideId "950122"]
[BlackFideId "13306766"]
[EventDate "2022.03.27"]

1. e4 e5 2. Nf3 Nc6 3. Bb5 a6 4. Ba4 Nf6 5. O-O Be7 6. d3 b5 7. Bb3 d6 8. c3 O-O
9. h3 Na5 10. Bc2 c5 11. d4 Qc7 12. d5 Nc4 13. b3 Nb6 14. a4 c4 15. axb5 cxb3
16. Bd3 Nfd7 17. Qxb3 Nc5 18. Qc2 Nxd3 19. Qxd3 f5 20. Nbd2 axb5 21. Rxa8 Nxa8
22. Qxb5 Qxc3 23. Bb2 Qc7 24. Ba3 fxe4 25. Nxe4 Bf5 26. Nfd2 Qb6 27. Qe2 Bxe4
28. Nxe4 Qb3 29. Bxd6 Bxd6 30. Nxd6 Qxd5 31. Rd1 Qe6 32. Ne4 Nb6 33. Ng5 Qf6 34.
Nf3 Re8 35. Qb5 Rf8 36. Qe2 Re8 37. Qb5 Rf8 38. Qc5 Rd8 39. Re1 Qd6 40. Qb5 h6
41. Nxe5 Qe6 42. Nf3 Qd6 43. h4 Nd5 44. Rd1 Qe6 45. Qc4 Qf5 46. Qd4 Kh7 47. Qe5
Qf7 48. h5 Rd7 49. Qe4+ Kg8 50. Ne5 Qe6 51. Qd4 Rd6 52. Ng6 Qe2 53. Rc1 Rd8 54.
Rc7 Nxc7 55. Qxd8+ Ne8 56. Qd5+ Kh7 57. Nf8+ Kh8 58. Ng6+ Kh7 59. Qf5 Nd6 60.
Qd5 Ne8 1/2-1/2

[Event "22nd ch-EUR Indiv 2022"]
[Site "Terme Catez SLO"]
[Date "2022.03.30"]
[Round "4.2"]
[White "Kjartansson, Gudmundur"]
[Black "Svane, Rasmus"]
[Result "1-0"]
[WhiteTitle "GM"]
[BlackTitle "GM"]
[WhiteElo "2450"]
[BlackElo "2637"]
[WhiteFideId "2301318"]
[BlackFideId "4657101"]
[EventDate "2022.03.27"]

1. d4 Nf6 2. c4 e6 3. Nf3 d5 4. Nc3 Bb4 5. cxd5 exd5 6. Bf4 O-O 7. e3 c5 8. Bd3
c4 9. Bc2 Bg4 10. Qd2 Bxf3 11. gxf3 Nh5 12. Bg3 Nc6 13. O-O Qd7 14. Kg2 a6 15.
a3 Ba5 16. b3 b5 17. bxc4 bxc4 18. Ba4 Qe6 19. Qc2 f5 20. Bxc6 Qxc6 21. Be5 Bxc3
22. Qxc3 f4 23. Kh1 Rf7 24. Rab1 Raf8 25. Qa5 c3 26. Rb6 Qc4 27. Qxa6 Qxa6 28.
Rxa6 fxe3 29. fxe3 Rxf3 30. Rxf3 Rxf3 31. Rc6 Rxe3 32. Kg2 Kf7 33. Kf2 Rh3 34.
a4 Nf6 35. Ke2 Ng4 36. Bg3 Nxh2 37. Rxc3 h5 38. a5 h4 39. Be1 Rxc3 40. Bxc3 h3
41. a6 Ng4 42. Kf3 Ne3 43. Kg3 Nc4 44. Ba5 1-0

[Event "22nd ch-EUR Indiv 2022"]
[Site "Terme Catez SLO"]
[Date "2022.03.30"]
[Round "4.3"]
[White "Moussard, Jules"]
[Black "Bjerre, Jonas Buhl"]
[Result "1/2-1/2"]
[WhiteTitle "GM"]
[BlackTitle "GM"]
[WhiteElo "2630"]
[BlackElo "2601"]
[WhiteFideId "642908"]
[BlackFideId "1444948"]
[EventDate "2022.03.27"]

1. e4 e5 2. Nf3 Nf6 3. Nxe5 d6 4. Nf3 Nxe4 5. d4 d5 6. Bd3 Bd6 7. O-O O-O 8. c4
c6 9. Nc3 Nxc3 10. bxc3 dxc4 11. Bxc4 Bf5 12. Bg5 Qa5 13. Nh4 Be6 14. Bxe6 Qxg5
15. Nf3 Qa5 16. Bb3 Nd7 17. Qd3 Rae8 18. Rae1 Nf6 19. h4 g6 20. Ng5 Rxe1 21.
Rxe1 Kg7 22. Qf3 Qf5 23. Qxf5 gxf5 24. Bc2 f4 25. c4 c5 26. d5 h6 27. Nf3 Re8
28. Kf1 Rxe1+ 29. Kxe1 Nd7 30. Ke2 Kf6 31. Nd2 Ke5 32. Kd3 f5 33. Nf3+ 1/2-1/2

[Event "22nd ch-EUR Indiv 2022"]
[Site "Terme Catez SLO"]
[Date "2022.03.30"]
[Round "4.4"]
[White "Navara, David"]
[Black "Can, Emre"]
[Result "1/2-1/2"]
[WhiteTitle "GM"]
[BlackTitle "GM"]
[WhiteElo "2700"]
[BlackElo "2578"]
[WhiteFideId "309095"]
[BlackFideId "6302181"]
[EventDate "2022.03.27"]

1. e4 c5 2. Nc3 Nc6 3. Nge2 g6 4. d4 cxd4 5. Nxd4 Bg7 6. Be3 Nf6 7. Bc4 O-O 8.
Bb3 d6 9. f3 Qa5 10. Qd2 Nxd4 11. Bxd4 Be6 12. O-O-O b5 13. Kb1 b4 14. Nd5 Bxd5
15. exd5 Qb5 16. Rhe1 a5 17. Qe2 Qxe2 18. Rxe2 a4 19. Bc4 Rfc8 20. b3 Rc7 21.
Bb5 axb3 22. cxb3 Ra5 23. Bc4 Rb7 24. g4 Kf8 25. h4 Ne8 26. Be3 Nc7 27. Rc2 Ke8
28. Bd4 Bxd4 29. Rxd4 h6 30. g5 hxg5 31. hxg5 Kd7 32. Rcd2 Nb5 33. Bxb5+ Rbxb5
34. Kb2 Kd8 35. Rd1 Kd7 36. R1d2 Kd8 1/2-1/2

[Event "22nd ch-EUR Indiv 2022"]
[Site "Terme Catez SLO"]
[Date "2022.03.30"]
[Round "4.5"]
[White "Kantor, Gergely"]
[Black "Saric, Ivan"]
[Result "0-1"]
[WhiteTitle "GM"]
[BlackTitle "GM"]
[WhiteElo "2587"]
[BlackElo "2687"]
[WhiteFideId "751499"]
[BlackFideId "14508150"]
[EventDate "2022.03.27"]

1. d4 d5 2. c4 c6 3. Nf3 Nf6 4. Nc3 e6 5. e3 Nbd7 6. Qc2 Bd6 7. Bd3 O-O 8. O-O
dxc4 9. Bxc4 e5 10. h3 Qe7 11. Bb3 a5 12. a3 Bb8 13. Bd2 h6 14. Nh4 Rd8 15. Nf5
Qe8 16. Rae1 Nf8 17. Na4 Bc7 18. Nc5 b6 19. Ne4 Nxe4 20. Qxe4 Qd7 21. Qxc6 Ba6
22. Qxd7 Rxd7 23. Ba4 b5 24. Bd1 b4 25. Be2 bxa3 26. bxa3 h5 27. Bc3 Bxe2 28.
Rxe2 g6 29. Ng3 exd4 30. Bxd4 Ne6 31. Bf6 Bxg3 32. fxg3 Rd3 33. Rc1 Rxa3 34.
Rec2 g5 35. Kf2 Kh7 36. Ke2 Rb3 37. Ra1 a4 38. Rca2 Kg6 39. Bb2 Re8 40. Kf2 Rc8
41. Ba3 Rcc3 42. Bd6 Rd3 43. Be7 Rxe3 44. Rxa4 Rxg3 45. R1a3 h4 46. Rxb3 Rxb3
47. Bd6 Rd3 48. Ra6 Rd2+ 49. Kf3 Rd5 50. Bb4 Rf5+ 51. Ke3 Kh5 52. Ra5 Rf1 53.
Bd6 Rb1 54. Be5 Kg6 55. Kf2 Rc1 56. g3 Rc2+ 57. Kf3 f6 58. gxh4 gxh4 59. Ra6
fxe5 60. Rxe6+ Kf5 61. Re8 Rc3+ 62. Kg2 Rg3+ 63. Kh2 e4 64. Rf8+ Ke5 65. Rh8 e3
66. Rh5+ Kf4 67. Rxh4+ Kf3 68. Rh8 Kf2 69. Re8 Rf3 70. Ra8 e2 71. Ra2 Kf1 72.
Ra1+ e1=Q 73. Rxe1+ Kxe1 0-1

[Event "22nd ch-EUR Indiv 2022"]
[Site "Terme Catez SLO"]
[Date "2022.03.30"]
[Round "4.6"]
[White "Mchedlishvili, Mikheil"]
[Black "Kryvoruchko, Yuriy"]
[Result "1/2-1/2"]
[WhiteTitle "GM"]
[BlackTitle "GM"]
[WhiteElo "2584"]
[BlackElo "2683"]
[WhiteFideId "13600966"]
[BlackFideId "14109182"]
[EventDate "2022.03.27"]

1. d4 Nf6 2. c4 e6 3. Nf3 d5 4. Nc3 c5 5. cxd5 cxd4 6. Qxd4 exd5 7. Bg5 Be7 8.
e3 O-O 9. Qa4 Qb6 10. Qb5 Be6 11. Bd3 Nc6 1/2-1/2

[Event "22nd ch-EUR Indiv 2022"]
[Site "Terme Catez SLO"]
[Date "2022.03.30"]
[Round "4.7"]
[White "Sargissian, Gabriel"]
[Black "Wagner, Dennis"]
[Result "1-0"]
[WhiteTitle "GM"]
[BlackTitle "GM"]
[WhiteElo "2681"]
[BlackElo "2584"]
[WhiteFideId "13300881"]
[BlackFideId "24650684"]
[EventDate "2022.03.27"]

1. d4 Nf6 2. c4 e6 3. Nf3 d5 4. Nc3 c5 5. cxd5 cxd4 6. Qxd4 exd5 7. Bg5 Be7 8.
e3 O-O 9. Rd1 Nc6 10. Qa4 Bb4 11. Bd3 h6 12. Bh4 g5 13. Bg3 Qa5 14. Qxa5 Bxa5
15. O-O Be6 16. Nb5 Ne4 17. Nd6 Nxg3 18. hxg3 Rab8 19. Nf5 g4 20. N3d4 Nxd4 21.
Nxd4 Bb6 22. Bc2 Kg7 23. Bb3 Rfd8 24. Rd3 Rd7 25. Rfd1 Rbd8 26. f4 Bxd4 27. Rxd4
f5 28. Rc1 Kf6 29. Kf2 h5 30. Ke2 b6 31. Ba4 Rb7 32. Rc6 Ke7 33. Bb3 Rd6 34. Rc1
Rd8 35. Rd2 Rbd7 36. Ba4 Rb7 37. Kd3 d4 38. exd4 Bxa2 39. Re2+ Kf6 40. b3 b5 41.
Rc6+ Kg7 42. Rxa2 bxa4 43. Rxa4 Rxb3+ 44. Kc4 Rxg3 45. Rxa7+ Kg8 46. Rg6+ Kh8
47. Rh6+ Kg8 48. Rxh5 Rxg2 49. Rg5+ Kf8 50. Rxf5+ Kg8 51. Rg5+ Kf8 52. Rag7 Rc8+
53. Kd5 Rd8+ 54. Ke4 Re2+ 55. Kd3 Rde8 56. Rg8+ Kf7 57. Rxe8 Rxe8 58. Rxg4 Kf6
59. Rg5 Re1 60. Re5 Rf1 61. Ke4 Re1+ 62. Kd5 Rf1 63. Re6+ Kf7 64. Re4 Kf6 65.
Kd6 Ra1 66. d5 Ra6+ 67. Kc7 Ra7+ 68. Kb6 1-0

[Event "22nd ch-EUR Indiv 2022"]
[Site "Terme Catez SLO"]
[Date "2022.03.30"]
[Round "4.8"]
[White "Cheparinov, Ivan"]
[Black "Iskandarov, Misratdin"]
[Result "1/2-1/2"]
[WhiteTitle "GM"]
[BlackTitle "GM"]
[WhiteElo "2672"]
[BlackElo "2577"]
[WhiteFideId "2905540"]
[BlackFideId "13400312"]
[EventDate "2022.03.27"]

1. Nf3 Nf6 2. c4 e6 3. d4 b6 4. g3 Ba6 5. b3 Bb4+ 6. Bd2 Be7 7. Nc3 d5 8. cxd5
exd5 9. Bg2 O-O 10. O-O Re8 11. Ne5 Bb7 12. Rc1 Nbd7 13. Rc2 Nf8 14. Bc1 Ne6 15.
Bb2 a6 16. e3 Rc8 17. Ne2 c5 18. Nf4 Nxf4 19. exf4 Rc7 20. Re1 Bd6 21. h4 Rce7
22. h5 Ne4 23. dxc5 Bxc5 24. Bd4 f6 25. Bxc5 bxc5 26. Bxe4 fxe5 27. Bg2 exf4 28.
Rxe7 Rxe7 29. gxf4 Qd6 30. Qc1 Rc7 31. Qe3 Re7 32. Qc1 Rc7 33. Qe3 Re7 1/2-1/2